ՀՀ Գիտությունների ազգային ակադեմիայի հիմնարար գիտական գրադարան  =   Fundamental Scientific Library of NAS RA

Յերկրագիտական դասագիրք : (Record no. 515121)

MARC details
000 -LEADER
fixed length control field 00909nam a2200229 a 4500
001 - CONTROL NUMBER
control field 000365944
003 - CONTROL NUMBER IDENTIFIER
control field AM-YEHGA
005 - DATE AND TIME OF LATEST TRANSACTION
control field 20250617163928.0
008 - FIXED-LENGTH DATA ELEMENTS--GENERAL INFORMATION
fixed length control field 041004s1934 ai 000 | arm d
040 ## - CATALOGING SOURCE
Original cataloging agency AM-YeHGA
041 0# - LANGUAGE CODE
Language code of text/sound track or separate title arm
090 ## - LOCALLY ASSIGNED LC-TYPE CALL NUMBER (OCLC); LOCAL CALL NUMBER (RLIN)
-- 518660
100 1# - MAIN ENTRY--PERSONAL NAME
Personal name Գուրյանով, Վ.Վ.
245 10 - TITLE STATEMENT
Title Յերկրագիտական դասագիրք :
Remainder of title Ազով-Սևծովյան յերկրամասի տարրական դպրոցների համար : Ուսուցման III յեվ IV տարիներ /
Statement of responsibility, etc. Վ.Վ. Գուրյանով, Պ.Ն. Յակովլև.
250 ## - EDITION STATEMENT
Edition statement II հրատ.
260 ## - PUBLICATION, DISTRIBUTION, ETC.
Place of publication, distribution, etc. Ռոստով-Դոն :
Name of publisher, distributor, etc. Ազով-Սևծովյան յերկրային հրատ.,
Date of publication, distribution, etc. 1934.
300 ## - PHYSICAL DESCRIPTION
Extent Պր. ;
Dimensions 21 սմ.
505 10 - FORMATTED CONTENTS NOTE
Miscellaneous information Պր. II (1934, 118 էջ, նկ., քարտեզ)
650 14 - SUBJECT ADDED ENTRY--TOPICAL TERM
Topical term or geographic name entry element Երկրագիտություն
Form subdivision Դասագիրք
700 1# - ADDED ENTRY--PERSONAL NAME
Personal name Յակովլև, Պ.Ն.
942 ## - ADDED ENTRY ELEMENTS (KOHA)
Source of classification or shelving scheme Universal Decimal Classification
Koha item type Գրքեր / Books
Holdings
Withdrawn status Lost status Damaged status Not for loan Collection Home library Current library Date acquired Serial enumeration / chronology Total checkouts Full call number Barcode Date last seen Price effective from Koha item type Public note
        Kusikian Individual Collection Fundamental Scientific Library Fundamental Scientific Library 03/09/2021 Պր. 2   Կուս/649 FL0624437 03/09/2021 03/09/2021 Գրքեր / Books ILL Non Circ


ՀՀ ԳԱԱ հիմնարար գիտական գրադարան
ՀՀ,Երևան 0019
Մարշալ Բաղրամյան 24/6
հեռախոս:(374-10) 52-47-50
Հետադարձ կապ

All site content, except where otherwise noted, is licensed under a
Creative Commons License